000
00287nam a22001337a 4500
008
170207b xxu||||| |||| 00| 0 eng d
020
_a
0878573968
041
_a
eng
080
_a
61
100
_a
3
101
_a
SHN
245
_a
NATURAL HOME REMEDIES
_c
MARK BRICKLIN
942
_2
udc
_c
BK
999
_c
4780
_d
4780